000
00343nam a2200157Ia 4500
100
_a
Somasundaram/S.L
650
_a
Thermal engineering
942
_c
BK
366
_f
17.5
245
_a
Thermal Engineering
260
_b
Cengage Learning
_a
Mumbai
_c
1996
082
_a
621.402/SOM
_b
SOM
300
_a
456
546
_a
ENGLISH
999
_c
34318
_d
34318